| 000 | 01407cam a22003975a 4500 | ||
|---|---|---|---|
| 005 | 20150823123145.0 | ||
| 008 | 080814s2002 enk||||fr|||| 001 0 eng d | ||
| 010 | _a 2001037490 | ||
| 020 | _a052179224X (hbk.) | ||
| 020 | _a0521796725 (pbk.) | ||
| 020 | _a9780521796729 | ||
| 040 |
_aDLC _beng _cDLC _dDLC _dEG-ScBUE |
||
| 043 | _aa-is--- | ||
| 050 | 0 | 0 |
_aJQ1830.A91 _bSHA |
| 082 | 0 | 4 |
_a323.6095694 _bSHA _222 |
| 100 | 1 | _aShafir, Gershon. | |
| 245 | 1 | 0 |
_aBeing Israeli : _bthe dynamics of multiple citizenship / _cGershon Shafir, Yoav Peled. |
| 250 | _a1st ed | ||
| 260 |
_aCambridge : _bCambridge University Press, _cc.2002. |
||
| 300 |
_axii, 397 p. ; _c24 cm. |
||
| 490 |
_aCambridge Middle East studies ; _v16. |
||
| 500 | _aIndex : p. 387-397. | ||
| 504 | _aBibliography : p. 349-386. | ||
| 590 | _ayassmeen ashraf | ||
| 650 | 0 |
_aCitizenship _zIsrael. _2BUEsh |
|
| 650 | 0 |
_aCivil society _zIsrael. _2BUEsh |
|
| 650 | 0 |
_aPolitical culture _zIsrael. _2BUEsh |
|
| 651 | _2BUEsh | ||
| 653 |
_bBUSBOL _cAugust2015 |
||
| 700 | 1 | _aPeled, Yoav. | |
| 856 | 4 | 2 |
_3Publisher description _uhttp://www.loc.gov/catdir/description/cam022/2001037490.html |
| 856 | 4 | 1 |
_3Table of contents _uhttp://www.loc.gov/catdir/toc/cam022/2001037490.html |
| 856 | 4 | 2 |
_3Contributor biographical information _uhttp://www.loc.gov/catdir/enhancements/fy0731/2001037490-b.html |
| 942 |
_2ddc _cBB |
||
| 999 |
_c10225 _d10091 |
||